| 000 | 01131nam a2200301 a 4500 | ||
|---|---|---|---|
| 003 | DO-SdBNP | ||
| 005 | 20210510140217.0 | ||
| 007 | |||
| 008 | 130308s1975 dr a 000 0 spa d | ||
| 040 |
_aBPMSU _bspa _cBPMSU |
||
| 082 | 4 |
_a972.9304 _bG195a _2 22 |
|
| 092 | _a | ||
| 100 | 1 |
_a Gándara y Navarro, José de la _d1820-1885 |
|
| 245 | 1 | 0 |
_aAnexión y guerra de Santo Domingo / _c José de la Gándara; prólogo Cristino Mártos. _b |
| 260 |
_aSanto Domingo : _bSociedad Dominicana de Bibliófilos , _c1975 |
||
| 300 |
_av. : _b _c24 cm. |
||
| 490 | 0 |
_aSociedad Dominicana de Bibliófilos _aCultura dominicana |
|
| 500 | _aIncluye referencias bibliográficas y notas al pie de las páginas | ||
| 533 |
_aFacsímilar _bMadrid _d1884 _cImprenta del Correo Militar |
||
| 590 | _6Inventariado, 2021/VM | ||
| 651 | 4 |
_aRepública Dominicana _xHistoria _yRestauración, 1844-1930 |
|
| 651 | 4 |
_aRepública Dominicana _xHistoria _xAnexión a España, 1861-1865 |
|
| 700 | 1 | 2 |
_aMártos, Cristino _epról. |
| 710 | 2 | _aSociedad Dominicana de Bibliófilos | |
| 830 | 0 | _aMonumento | |
| 910 | _aVMateo | ||
| 942 |
_2ddc _cBK |
||
| 999 |
_c13472 _d13472 |
||